000 00451 a2200145 4500
999 _c6864
_d6864
020 _a9781781250686
050 _aHD69.75 ROB 2007
100 _a Roberts, Paul
_eauthor
245 _a Guide to project management /
_b getting it right and achieving lasting benefit.
_c Roberts, Paul
264 _aLondon:
_bProfile books ltd ,
_c2007.
300 _a366P.:
500 _aIncludes index.
650 _aProject management.
942 _2lcc
_cBK
_h69.75
_iROB
_kHD